000 00387nam a2200145Ia 4500
008 231129s1982||||xx |||||||||||||| ||spa||
020 _a968-16-1077-6
040 _bspa
082 _a938.08 T189c
100 _aTarn William
245 0 _aLa civilizacion Helenistica
260 _c1982
264 _aFondo de Cultura Economica
942 _2ddc
_cBKS
999 _c16658
_d16658